Código de comercio actualizado. Incluye legislación comercial, bancaria, financiera, ley de concursos mercantiles

Bibliographic Details
Main Author: Cámara Nacional de la Industria Editorial Mexicana
Format: Section = Libro
Language:Undetermined
Spanish
Published: México McGraw-Hill 1999
Edition:4a.ed.
Subjects:
LEADER 00726nam a2200229Ia 4500
008 240829s9999 xx 000 0 und d
020 |a 970-10-2475-3 
040 |a BIBLIOTECA-RUSB/ 348.023 C669 
041 |a spa 
082 |a 348.023 C669 
100 1 |a Cámara Nacional de la Industria Editorial Mexicana 
245 1 0 |a Código de comercio actualizado. Incluye legislación comercial, bancaria, financiera, ley de concursos mercantiles 
250 |a 4a.ed. 
260 |a México  |b McGraw-Hill  |c 1999 
300 |a 881 p. :il. 
650 7 |a CODIGOS - COMERCIALES 
650 7 |b  LEGISLACION - COMERCIAL 
650 7 |c  LEGISLACION BANCARIA 
650 7 |d  LEGISLACION FINANCIERA 
942 |c BK  |2 ddc 
991 |a TEXTO 
999 |c 1058